Normal view
MARC view
- Saavedra Rodríguez, Agueda
Entry Nombre Personal
001 - NUMERO DE CONTROL
- campo de control: 28028
003 - IDENTIFICADOR DE NUMERO DE CONTROL
- campo de control: UPN
005 - FECHA Y HORA DE LA ÜLTIMA TRANSACCIÓN
- campo de control: 20220428101227.0
008 - DATOS DE LONGITUD FIJA
- campo de control de longitud fija: 220428na|acannaabn b aaa |d
035 ## - NUMERO DE CONTROL
- Número de control: UPN11000000134
040 ## - FUENTE DE CATALOGACIÓN
- Agencia original de catalogación: MX-MxUPN
- Lenguaje de catalogación: spa
- Agencia de transcripción: MX-MxUPN
100 1# - ENCABEZAMIENTO - NOMBRE PERSONAL
- Nombre personal: Saavedra Rodríguez, Agueda
670 ## - FUENTE EN LA QUE SE LOCALIZARON DATOS
- Cita de la fuente: Español : primer curso, 1993:
- Información localizada: portada (Agueda Saavedra Rodríguez)
902 ## - CATALOGADOR
- Catalogador: DAA/ 270707
